Capitales du monde qui commencent et finissent par la même lettre - Statistiques

Statistiques générales
  • Ce quiz a été pris 31 fois
    20 depuis la dernière actualisation
  • Le résultat moyen est 5 sur 9
Statistiques - réponses
Capitale % Correct
Addis-Abeba
72%
Asmara
72%
Accra
67%
Astana
67%
Ankara
61%
Abuja
50%
Oslo
50%
Apia
44%
Tachkent
11%
Aucun quiz correspondant
Distribution des résultats
% des personnes avec chaque résultat
Percentile par nombre de réponses
Votre historique - résultats
Vous n’avez pas pris ce quiz depuis la dernière actualisation